000 00432nam a2200157Ia 4500
003 Ost
005 20260225132539.0
008 260225s9999||||xx |||||||||||||| ||und||
040 _cfsic
041 _afre
082 _a320
100 _aJean marc balençie/Arnaud de la grange
_eAuteur
245 0 _aMonde rebelles guerres civiles et violences politiques /
245 0 _cJean marc balençie/Arnaud de la grange
942 _cكتاب
999 _c33414
_d33414